Pays les plus peuplés - Mort Subite - Statistiques

Statistiques générales
  • Ce quiz a été pris 147 fois
    110 depuis la dernière actualisation
  • Le résultat moyen est 10 sur 24
Answers on the Grid
Answers color-coded by a green-red scale on the quiz's grid according to % correct below.
Afrique du Sud
Allemagne
Angola
Australie
Bangladesh
Brésil
Canada
Chine
Corée du Sud
Égypte
Espagne
États-Unis
Éthiopie
France
Haïti
Inde
Indonésie
Irak
Iran
Japon
Malaisie
Mexique
Nigeria
Ouganda
Ouzbékistan
Pakistan
Pérou
Philippines
Pologne
République Démocratique du Congo
Royaume-Uni
Russie
Somalie
Suède
Tanzanie
Thaïlande
Turquie
Ukraine
Viêt Nam
Yémen
 
Statistiques - réponses
Réponse % Correct
1422 m Chine
70%
213 m Brésil
67%
352 m États-Unis
67%
1470 m Inde
63%
177 m Bangladesh
59%
287 m Indonésie
47%
257 m Pakistan
44%
144 m Russie
42%
123 m Japon
41%
115 m République Démocratique du Congo
41%
137 m Éthiopie
39%
132 m Mexique
38%
240 m Nigeria
38%
83.7 m Allemagne
36%
119 m Égypte
36%
117 m Philippines
36%
92.8 m Iran
33%
102 m Viêt Nam
33%
69.3 m France
30%
87.8 m Turquie
30%
71.6 m Thaïlande
27%
65.1 m Afrique du Sud
25%
70.3 m Royaume-Uni
22%
71.6 m Tanzanie
20%
Aucun quiz correspondant
Distribution des résultats
% des personnes avec chaque résultat
Percentile par nombre de réponses
Votre historique - résultats
Vous n’avez pas pris ce quiz depuis la dernière actualisation